<?xml version='1.0' encoding='UTF-8'?>
  <record xmlns="http://www.loc.gov/MARC21/slim">
    <leader>00000cam a2200000 i 4500</leader>
    <controlfield tag="001">ocn606278771</controlfield>
    <controlfield tag="003">OCoLC</controlfield>
    <controlfield tag="005">20251010181555.6</controlfield>
    <controlfield tag="008">880726s1476    gw            001 0 lat d</controlfield>
    <datafield tag="040" ind1=" " ind2=" ">
      <subfield code="a">UKMGB</subfield>
      <subfield code="b">eng</subfield>
      <subfield code="e">rda</subfield>
      <subfield code="e">dcrmr</subfield>
      <subfield code="c">UKMGB</subfield>
      <subfield code="d">OCLCQ</subfield>
      <subfield code="d">OCLCO</subfield>
      <subfield code="d">OCLCQ</subfield>
      <subfield code="d">OCLCA</subfield>
      <subfield code="d">OCLCO</subfield>
      <subfield code="d">OCLCL</subfield>
      <subfield code="d">QGJ</subfield>
      <subfield code="d">OCLCO</subfield>
      <subfield code="d">QGJ</subfield>
      <subfield code="d">OCLCO</subfield>
    </datafield>
    <datafield tag="016" ind1="7" ind2=" ">
      <subfield code="a">000392413</subfield>
      <subfield code="2">Uk</subfield>
    </datafield>
    <datafield tag="035" ind1=" " ind2=" ">
      <subfield code="a">(OCoLC)606278771</subfield>
    </datafield>
    <datafield tag="100" ind1="0" ind2=" ">
      <subfield code="a">Boethius,</subfield>
      <subfield code="d">-524,</subfield>
      <subfield code="e">author.</subfield>
      <subfield code="4">aut</subfield>
      <subfield code="1">https://id.oclc.org/worldcat/entity/E39PCjM7VRjMvd3xxDwjHtRGBP</subfield>
    </datafield>
    <datafield tag="240" ind1="1" ind2="0">
      <subfield code="a">De consolatione philosophiae.</subfield>
      <subfield code="l">Latin</subfield>
      <subfield code="f">1476</subfield>
    </datafield>
    <datafield tag="245" ind1="1" ind2="0">
      <subfield code="a">Auicij Manlij Torquati Seuerini Boecij Ordinarij Patricij viri exconsulis de consoluatione philosophie liber primus [-quintus]</subfield>
    </datafield>
    <datafield tag="246" ind1="3" ind2="0">
      <subfield code="a">De consoluatione philosophie liber primus [-quintus]</subfield>
    </datafield>
    <datafield tag="246" ind1="1" ind2=" ">
      <subfield code="i">Title according to ISTC and GW:</subfield>
      <subfield code="a">De consolatione philosophiae</subfield>
    </datafield>
    <datafield tag="264" ind1=" " ind2="1">
      <subfield code="a">[Nuremberg]</subfield>
      <subfield code="b">Anthonij Coburgers ciuis inclite Nurnbergensiu[m] vrbis industria fabricatus,</subfield>
      <subfield code="c">Anno Mcccclxxvj. p[ri]die Idus Nove[m]bris. [12 Nov. 1476]</subfield>
    </datafield>
    <datafield tag="300" ind1=" " ind2=" ">
      <subfield code="a">[140] leaves leaves ;</subfield>
      <subfield code="c">40 cm (folio)</subfield>
    </datafield>
    <datafield tag="336" ind1=" " ind2=" ">
      <subfield code="a">text</subfield>
      <subfield code="b">txt</subfield>
      <subfield code="2">rdacontent</subfield>
    </datafield>
    <datafield tag="337" ind1=" " ind2=" ">
      <subfield code="a">unmediated</subfield>
      <subfield code="b">n</subfield>
      <subfield code="2">rdamedia</subfield>
    </datafield>
    <datafield tag="338" ind1=" " ind2=" ">
      <subfield code="a">volume</subfield>
      <subfield code="b">nc</subfield>
      <subfield code="2">rdacarrier</subfield>
    </datafield>
    <datafield tag="340" ind1=" " ind2=" ">
      <subfield code="m">folio</subfield>
      <subfield code="2">rdabf</subfield>
    </datafield>
    <datafield tag="340" ind1=" " ind2=" ">
      <subfield code="k">1 column (main text, 34 lines of text to a page); 2 columns, 47 lines to a page (tabula and commentary)</subfield>
    </datafield>
    <datafield tag="500" ind1=" " ind2=" ">
      <subfield code="a">Title and statement of responsibility from incipit main text (leaf [8] recto), which reads: Auicij. Manlij.Torquati. Seuerini. Boecij. Ordinarij. Patricij viri exconsulis de consoluatione philosophie liber primus incipit Metrum primum heroicum elegiacum.; and incipit book 5 (leaf ...), which reads: Quartus de ph[ilosoph]ie consolac[i]one liber definit. succedit huic co[n]tinuo qui[n]tus eiusde[m]. Prosa prima.</subfield>
    </datafield>
    <datafield tag="500" ind1=" " ind2=" ">
      <subfield code="a">Publication statement from colophon (leaf [139] verso), which reads: Auicij Torquati Seuirini Boecij viri nominis celebritate q[uam] memorandi textus de ph[ilosoph]ie [con]soluatione: cu[m] edic[i]one [com]mentaria beati Thome de Aquino ordini p[re]dicato[rum]: Anthonij Coburgers ciuis inclite Nurnbergensiu[m] vrbis industria fabricatus finit feliciter Anno Mcccclxxvj. p[ri]die Idus Nove[m]bris.</subfield>
    </datafield>
    <datafield tag="500" ind1=" " ind2=" ">
      <subfield code="a">"Auicij" in incipit and colophon should be read as: "Anicij"</subfield>
    </datafield>
    <datafield tag="500" ind1=" " ind2=" ">
      <subfield code="a">Includes index (leaf [2] recto-leaf [6] verso) with incipit: Incipit Tabula sup[er] libris Boecij de consolatione philosophe secundum ordinem alphabeti .</subfield>
    </datafield>
    <datafield tag="500" ind1=" " ind2=" ">
      <subfield code="a">Leaf [42] recto-[139] verso contains a commentary, falsely attributed to Thomas Aquinas, with incipit: Sancti thome de aquino sup[er] Boecij de consolatione philosophie comentum cum expositione feliciter incipit.</subfield>
    </datafield>
    <datafield tag="500" ind1=" " ind2=" ">
      <subfield code="a">The commentary is ascribed by ISTC to Thomas Waleys and by the Library of Congress Name Authority File (LCnaf) to William of Wheatley.</subfield>
    </datafield>
    <datafield tag="500" ind1=" " ind2=" ">
      <subfield code="a">Main text printed in one column; tabula and commentary printed in two columns.</subfield>
    </datafield>
    <datafield tag="500" ind1=" " ind2=" ">
      <subfield code="a">Capital spaces without guide letters.</subfield>
    </datafield>
    <datafield tag="500" ind1=" " ind2=" ">
      <subfield code="a">Signatures according to GW: tabula and text: [a⁶ b¹⁰ c⁸ d¹⁰ e⁶], commentary: [a-f¹⁰ g⁶ h-i¹⁰ k⁸ l⁶].</subfield>
    </datafield>
    <datafield tag="500" ind1=" " ind2=" ">
      <subfield code="a">Blank leaves: [1] (=[a]1), [7] (=[b]1), [41] (=commentary [a]1), [106] (=commentary [g]6), and [140] (=commentary [l]6).</subfield>
    </datafield>
    <datafield tag="510" ind1="4" ind2=" ">
      <subfield code="a">Incunabula short title catalogue,</subfield>
      <subfield code="c">ib00771000</subfield>
      <subfield code="u">https://data.cerl.org/istc/ib00771000</subfield>
    </datafield>
    <datafield tag="510" ind1="4" ind2=" ">
      <subfield code="a">Gesamtkatalog der Wiegendrucke,</subfield>
      <subfield code="c">04526</subfield>
      <subfield code="u">https://www.gesamtkatalogderwiegendrucke.de/docs/GW04526.htm</subfield>
    </datafield>
    <datafield tag="510" ind1="4" ind2=" ">
      <subfield code="a">Incunabula in Dutch Libraries,</subfield>
      <subfield code="c">906</subfield>
    </datafield>
    <datafield tag="510" ind1="4" ind2=" ">
      <subfield code="a">Bayerische Staatsbibliothek Inkunabelkatalog,</subfield>
      <subfield code="c">B-596</subfield>
      <subfield code="u">https://inkunabeln.digitale-sammlungen.de/Ausgabe_B-596.html</subfield>
    </datafield>
    <datafield tag="510" ind1="4" ind2=" ">
      <subfield code="a">Typenrepertorium der Wiegendrucke,</subfield>
      <subfield code="c">ma02047</subfield>
      <subfield code="u">https://tw.staatsbibliothek-berlin.de/ma02047</subfield>
    </datafield>
    <datafield tag="546" ind1=" " ind2=" ">
      <subfield code="b">Typface: 2:115G</subfield>
    </datafield>
    <datafield tag="600" ind1="0" ind2="0">
      <subfield code="a">Boethius,</subfield>
      <subfield code="d">-524.</subfield>
      <subfield code="t">De consolatione philosophiae.</subfield>
    </datafield>
    <datafield tag="650" ind1=" " ind2="0">
      <subfield code="a">Philosophy and religion</subfield>
      <subfield code="v">Early works to 1800.</subfield>
    </datafield>
    <datafield tag="650" ind1=" " ind2="0">
      <subfield code="a">Happiness</subfield>
      <subfield code="v">Early works to 1800.</subfield>
    </datafield>
    <datafield tag="650" ind1=" " ind2="6">
      <subfield code="a">Bonheur</subfield>
      <subfield code="v">Ouvrages avant 1800.</subfield>
    </datafield>
    <datafield tag="630" ind1="0" ind2="7">
      <subfield code="a">De consolatione philosophiae (Boethius)</subfield>
      <subfield code="2">fast</subfield>
    </datafield>
    <datafield tag="650" ind1=" " ind2="7">
      <subfield code="a">Happiness</subfield>
      <subfield code="2">fast</subfield>
    </datafield>
    <datafield tag="650" ind1=" " ind2="7">
      <subfield code="a">Philosophy and religion</subfield>
      <subfield code="2">fast</subfield>
    </datafield>
    <datafield tag="650" ind1=" " ind2="7">
      <subfield code="a">Incunabula</subfield>
      <subfield code="2">fast</subfield>
    </datafield>
    <datafield tag="655" ind1=" " ind2="7">
      <subfield code="a">incunabula (books)</subfield>
      <subfield code="2">aat</subfield>
    </datafield>
    <datafield tag="655" ind1=" " ind2="7">
      <subfield code="a">Early works</subfield>
      <subfield code="2">fast</subfield>
    </datafield>
    <datafield tag="655" ind1=" " ind2="7">
      <subfield code="a">Incunables.</subfield>
      <subfield code="2">rvmgf</subfield>
    </datafield>
    <datafield tag="700" ind1="0" ind2=" ">
      <subfield code="a">Thomas,</subfield>
      <subfield code="c">Aquinas, Saint,</subfield>
      <subfield code="d">1225?-1274,</subfield>
      <subfield code="e">writer of added commentary,</subfield>
      <subfield code="e">attributed name.</subfield>
      <subfield code="4">wac</subfield>
      <subfield code="4">att</subfield>
      <subfield code="1">https://id.oclc.org/worldcat/entity/E39PBJyMkPRmyFpxV4XVwgRVG3</subfield>
    </datafield>
    <datafield tag="700" ind1="0" ind2=" ">
      <subfield code="a">Thomas,</subfield>
      <subfield code="c">Waleys,</subfield>
      <subfield code="d">approximately 1287-1350?</subfield>
      <subfield code="e">writer of added commentary,</subfield>
      <subfield code="e">attributed name.</subfield>
      <subfield code="4">att</subfield>
    </datafield>
    <datafield tag="700" ind1="0" ind2=" ">
      <subfield code="a">William,</subfield>
      <subfield code="c">of Wheatley,</subfield>
      <subfield code="d">active 1310,</subfield>
      <subfield code="e">writer of added commentary.</subfield>
      <subfield code="4">wac</subfield>
      <subfield code="1">https://id.oclc.org/worldcat/entity/E39PBJmp8prWG87bXx7jpJ3qQq</subfield>
    </datafield>
    <datafield tag="700" ind1="0" ind2=" ">
      <subfield code="i">Container of (work):</subfield>
      <subfield code="a">William,</subfield>
      <subfield code="c">of Wheatley,</subfield>
      <subfield code="d">active 1310.</subfield>
      <subfield code="t">In Boethii De consolatione philosophiae.</subfield>
    </datafield>
    <datafield tag="700" ind1="1" ind2=" ">
      <subfield code="a">Koberger, Anton,</subfield>
      <subfield code="d">approximately 1440-1513,</subfield>
      <subfield code="e">printer.</subfield>
      <subfield code="4">prt</subfield>
      <subfield code="1">https://id.oclc.org/worldcat/entity/E39PBJkTbCRgHQH86RwHkhx4bd</subfield>
    </datafield>
    <datafield tag="752" ind1=" " ind2=" ">
      <subfield code="a">Germany</subfield>
      <subfield code="d">Nuremberg,</subfield>
      <subfield code="e">publication place.</subfield>
      <subfield code="4">pup</subfield>
    </datafield>
  </record>